00497 a2200169 4500010001400000020002300014035001300037037001600050082001000066100001900076245006500095250001100160260004000171270005100211300002400262500004100286 aENG-89952 a8188769261c200.00 aEN-73485 bDBAD / PUB14a174.41 aDobrin, Arthur1 aBusiness ethics:cby Arthur Dobrinbthe right way to riches/ a2nd ed aMumbaibHindi Granth Karyalayc2008 a9, Hirabaug C.P. Tank,bMumabicMumbaie400004 a151p.c22 cm (pbk) aIncludes bibliographical references